| 000 | 00556nam a2200193Ia 4500 | ||
|---|---|---|---|
| 003 | LDD | ||
| 008 | 181029s9999 xx 000 0 und d | ||
| 020 |
_a8175330961 _c500.00 |
||
| 040 | _cLDD | ||
| 100 | _aRaina, Pavan | ||
| 245 | 4 |
_aThe evoloving human and the future world _cPavan Raina |
|
| 260 |
_aNew Delhi _bMD publications _c2006 |
||
| 300 | _axxi,178p. | ||
| 365 | _b500.00 | ||
| 901 |
_a4081 _b01-01-2008 |
||
| 902 |
_aSBS/165/D/07 _b19-01-2008 _cF _dSBS _e58 |
||
| 903 |
_aDiscount-15 _bReqst by : Pushplata Tripathi |
||
| 942 |
_2ddc _cBK |
||
| 999 |
_c79509 _d79509 |
||